[Event "RB-2018-0-00362"]
[Site "LSS email"]
[Date "2018.10.04"]
[Round "?"]
[White "Koronowski, Heinz Juergen"]
[Black "Molina, Juan"]
[Result "0-1"]
[WhiteElo "2092"]
[BlackElo "2057"]
[PlyCount "112"]
[EventDate "2018.05.12"]
[EventType "tourn (corr)"]
[EventRounds "6"]
[EventCountry "GER"]
[SourceTitle "Corr 2022"]
[Source "ChessBase"]
[SourceDate "2021.10.24"]
[SourceVersion "1"]
[SourceVersionDate "2021.10.24"]
[SourceQuality "1"]

1. e4 c5 2. Nc3 d6 3. f4 g6 4. Nf3 Bg7 5. Bc4 Nc6 6. 0-0 e6 7. d3 Nge7 8. Qe1 0-0 9. f5 gxf5 10. Qh4 fxe4 11. dxe4 Ng6 12. Qh5 Nce5 13. Be2 Nxf3+ 14. Rxf3 Qh4 15. Qxh4 Nxh4 16. Rd3 b6 17. Rxd6 Ng6 18. Be3 Be5 19. Rd2 Bb7 20. Rad1 Kg7 21. Bf3 Bc6 22. a3 Nh4 23. Bh5 Rg8 24. Rf2 Ng6 25. Be2 Rad8 26. Bd3 Rgf8 27. Rdf1 h5 28. Nd1 a5 29. h3 Rd6 30. b3 a4 31. bxa4 Bxa4 32. Bc1 Bd4 33. Bb2 Ne5 34. Bxd4 Rxd4 35. Nc3 c4 36. Nxa4 cxd3 37. Nb2 dxc2 38. Rxc2 Ra8 39. Rc3 Rxe4 40. Rfc1 Ra5 41. Kh2 f5 42. Nd3 Nd7 43. Rc7 Rd5 44. Nb4 Rd2 45. R1c2 Rd1 46. Na2 Rd6 47. Nc3 Re1 48. a4 Kf6 49. Rc8 Rd4 50. Ra2 h4 51. Rc6 Rd3 52. Re2 Ne5 53. Rxe1 Nxc6 54. Ne2 Rb3 55. Rc1 Ne5 56. Nf4 Rb4 0-1

[Event "RB-2018-0-00362"]
[Site "LSS email"]
[Date "2018.10.04"]
[Round "?"]
[White "Molina, Juan"]
[Black "Langheld, Werner"]
[Result "1-0"]
[WhiteElo "2057"]
[BlackElo "1900"]
[PlyCount "51"]
[EventDate "2018.05.12"]
[EventType "tourn (corr)"]
[EventRounds "6"]
[EventCountry "GER"]
[SourceTitle "Corr 2022"]
[Source "ChessBase"]
[SourceDate "2021.10.24"]
[SourceVersion "1"]
[SourceVersionDate "2021.10.24"]
[SourceQuality "1"]

1. c4 c5 2. Nf3 Nc6 3. Nc3 Nf6 4. g3 b6 5. Bg2 Bb7 6. 0-0 e6 7. e4 a6 8. d4 cxd4 9. Nxd4 Qc7 10. Nxc6 Qxc6 11. Qe2 Rc8 12. b3 Bd6 13. Rd1 Be5 14. Bb2 d6 15. Nd5 Nd7 16. Rac1 exd5 17. exd5 Qc7 18. f4 0-0 19. fxe5 Nxe5 20. Bxe5 dxe5 21. b4 Qd6 22. Qb2 Ba8 23. Qc3 a5 24. a3 Qb8 25. c5 Qa7 26. c6 1-0

[Event "RB-2018-0-00362"]
[Site "LSS email"]
[Date "2018.10.04"]
[Round "?"]
[White "Molina, Juan"]
[Black "Sirotkin, Evgenji"]
[Result "1-0"]
[WhiteElo "2057"]
[BlackElo "1972"]
[PlyCount "117"]
[EventDate "2018.05.12"]
[EventType "tourn (corr)"]
[EventRounds "6"]
[EventCountry "GER"]
[SourceTitle "Corr 2022"]
[Source "ChessBase"]
[SourceDate "2021.10.24"]
[SourceVersion "1"]
[SourceVersionDate "2021.10.24"]
[SourceQuality "1"]

1. Nf3 Nf6 2. d4 d5 3. c4 e6 4. Nc3 c6 5. Bg5 Nbd7 6. e3 Be7 7. Bd3 0-0 8. Rc1 dxc4 9. Bxc4 h6 10. Bh4 b5 11. Bd3 a6 12. a4 bxa4 13. Nxa4 Qa5+ 14. Nd2 Bb4 15. Ra1 Re8 16. Nc3 Qh5 17. Qxh5 Nxh5 18. Be2 Nhf6 19. 0-0 Nd5 20. Rfc1 a5 21. Bg3 Ba6 22. Bf3 f5 23. e4 Ne7 24. exf5 exf5 25. h4 Bd3 26. d5 Rac8 27. Nb3 cxd5 28. Nxd5 Rxc1+ 29. Nxc1 Bc4 30. Ne3 Ng6 31. Bh5 Bf7 32. Nd3 f4 33. Bxf4 Nxf4 34. Bxf7+ Kxf7 35. Nxf4 Ne5 36. Nfd5 Nd3 37. Nxb4 axb4 38. b3 Rc8 39. Nc4 Rb8 40. Ra7+ Kg8 41. Ra2 Nc5 42. Nd2 Rd8 43. Rc2 Rd5 44. f3 Ne6 45. Ne4 Rd3 46. Rc6 Nf8 47. Nc5 Rc3 48. Rc8 Kf7 49. Rc7+ Ke8 50. Kh2 Kd8 51. Rf7 Ke8 52. Rc7 Ng6 53. Kg3 Ne7 54. Na6 Rxb3 55. Rc4 Nf5+ 56. Kh2 g5 57. hxg5 hxg5 58. Rxb4 Rc3 59. Rg4 1-0

[Event "FICGS W-ch st1 g06 email"]
[Site "FICGS email"]
[Date "2018.03.02"]
[Round "1"]
[White "Moreira, Jose"]
[Black "Molina, Juan"]
[Result "1/2-1/2"]
[WhiteElo "1857"]
[BlackElo "2000"]
[PlyCount "87"]
[EventDate "2018.??.??"]
[EventType "tourn (corr)"]
[EventRounds "8"]
[SourceTitle "Corr 2022"]
[Source "ChessBase"]
[SourceDate "2021.10.24"]
[SourceVersion "1"]
[SourceVersionDate "2021.10.24"]
[SourceQuality "1"]

1. e4 e5 2. Nf3 Nc6 3. Bc4 Nf6 4. d3 Bc5 5. c3 a5 6. 0-0 d6 7. Nbd2 0-0 8. Re1 Be6 9. Bb5 Ne7 10. d4 Ba7 11. h3 Ng6 12. Ba4 c6 13. Bc2 Nh5 14. Nf1 Nhf4 15. Ng3 f6 16. Nf5 d5 17. Bd2 Qc7 18. Qb1 Rae8 19. N5h4 Nxh4 20. Nxh4 exd4 21. exd5 d3 22. Bxd3 Nxd3 23. Qxd3 Bxd5 24. c4 Bf7 25. Nf3 Bb8 26. Rxe8 Rxe8 27. Re1 Rd8 28. Qa3 c5 29. Qxa5 Bxc4 30. Qxc7 Bxc7 31. Rc1 Bxa2 32. Rxc5 Rd7 33. Kf1 Kf7 34. Be3 g5 35. g4 Bb1 36. Rc1 Bd3+ 37. Kg1 Be4 38. Nd4 Be5 39. Rc4 Kg6 40. f3 b5 41. Rb4 Bxd4 42. Rxd4 Rxd4 43. Bxd4 Bxf3 44. Kh2 1/2-1/2

[Event "FICGS class C 000265 email"]
[Site "FICGS email"]
[Date "2018.02.09"]
[Round "1"]
[White "Vasquez, Fernando Jose Pinto"]
[Black "Molina, Juan"]
[Result "0-1"]
[WhiteElo "1946"]
[BlackElo "2000"]
[PlyCount "134"]
[EventDate "2018.??.??"]
[EventType "tourn (corr)"]
[EventRounds "1"]
[SourceTitle "Corr 2022"]
[Source "ChessBase"]
[SourceDate "2021.10.24"]
[SourceVersion "1"]
[SourceVersionDate "2021.10.24"]
[SourceQuality "1"]

1. e4 e5 2. Nf3 Nc6 3. d4 exd4 4. Nxd4 Nf6 5. Nxc6 bxc6 6. e5 Qe7 7. Qe2 Nd5 8. c4 Ba6 9. b3 g6 10. f4 d6 11. Qd2 Nb6 12. Ba3 c5 13. Nc3 dxe5 14. 0-0-0 Bb7 15. Qf2 e4 16. Qe3 h5 17. Be2 f5 18. Rd2 Rd8 19. Rhd1 Rxd2 20. Rxd2 h4 21. Kb1 Rh7 22. Nd5 Qe6 23. Nc3 Nd7 24. Nb5 Qb6 25. Bb2 a6 26. Nc3 Qe6 27. Nd1 Kd8 28. Nf2 Qe7 29. Nh3 Bg7 30. Rd1 Kc8 31. Ng5 Rh8 32. Bxg7 Qxg7 33. Qh3 Nb8 34. Rd2 Re8 35. Qe3 Nc6 36. Rd1 Qe7 37. Rd5 Qf6 38. Rd1 Nd4 39. Rd2 a5 40. Bd1 Rd8 41. Bc2 Rd6 42. Bd1 a4 43. bxa4 Ba6 44. a5 Bxc4 45. Nxe4 fxe4 46. Qxe4 Nb5 47. Qe8+ Kb7 48. Bf3+ c6 49. Rxd6 Qxd6 50. Qe3 Qd3+ 51. Qxd3 Bxd3+ 52. Kc1 Nd4 53. Bd1 Ka6 54. Kb2 Kxa5 55. Kc3 Be2 56. Bb3 Nxb3 57. Kxb3 c4+ 58. Kc3 Bf1 59. g4 Bd3 60. a3 Ka4 61. Kd4 Kb3 62. a4 c3 63. Kxd3 c2 64. Kd2 Kb2 65. Ke3 c1Q+ 66. Ke4 Qe1+ 67. Kd3 Qc3+ 0-1